| Tag |
First Indicator |
Second Indicator |
Subfields |
| LEADER |
00000cam a2200000 a 4500 |
| 001 |
in00000019929 |
| 005 |
20151007053751.0 |
| 007 |
he bmb||||||| |
| 008 |
880517r19881985oru bb 00010 eng d |
| 035 |
|
|
|a (OCoLC)17965075
|
| 035 |
|
|
|9 AAB2759AM
|
| 040 |
|
|
|a INT
|c INT
|d HPE
|d TXA
|d UtOrBLW
|
| 049 |
|
|
|a TXAI
|
| 099 |
|
|
|a fiche
|a C
|a 10692
|
| 100 |
1 |
|
|a Hanrahan, Stephanie Jane.
|
| 245 |
1 |
0 |
|a Athletes, scholarships and intrinsic interest /
|c by Stephanie Jane Hanrahan.
|
| 264 |
|
1 |
|a [Place of publication not identified] :
|b [publisher not identified] ;
|c 1985.
|
| 300 |
|
|
|a vi, 72 leaves.
|
| 336 |
|
|
|a text
|b txt
|2 rdacontent
|
| 337 |
|
|
|a microform
|b h
|2 rdamedia
|
| 338 |
|
|
|a microfiche
|b he
|2 rdacarrier
|
| 502 |
|
|
|b M.S.
|c University of Illinois at Urbana-Champaign
|d 1985.
|
| 504 |
|
|
|a Bibliography: leaves 60-64.
|
| 533 |
|
|
|a Microfiche.
|b Eugene :
|c Microform Publications, College of Human Development and Performance, University of Oregon,
|d 1988.
|e 1 microfiche : negative ; 11 x 15 cm.
|
| 500 |
|
|
|a Microform.
|
| 650 |
|
0 |
|a Motivation (Psychology)
|
| 650 |
|
0 |
|a Incentive (Psychology)
|
| 650 |
|
0 |
|a Athletics
|x Scholarships, fellowships, etc.
|
| 650 |
|
0 |
|a Runners (Sports)
|x Psychology.
|
| 999 |
|
|
|a MARS
|
| 999 |
f |
f |
|s c5e0dd91-3fb1-37d6-b46f-e8ee4a1c578c
|i edea4c68-b9e7-346a-b95c-68f1ad70f213
|t 0
|
| 952 |
f |
f |
|p normal
|a Texas A&M University
|b College Station
|c Sterling C. Evans Library
|d Evans: Microforms (3rd floor)
|t 0
|e fiche C 10692
|h Other scheme
|i microform -- microfiche
|m A14821850865
|
| 998 |
f |
f |
|a fiche C 10692
|t 0
|l Evans: Microforms (3rd floor)
|